| 000 | 00814pam a2200301 i 4500 | ||
|---|---|---|---|
| 999 |
_c891 _d891 |
||
| 001 | 018591466 | ||
| 003 | Uk | ||
| 005 | 20191224145200.0 | ||
| 008 | 180130s2018 stk j 000 1 eng c | ||
| 015 |
_aGBB7L1551 _2bnb |
||
| 016 | 7 |
_a018591466 _2Uk |
|
| 020 | _a9781781127575 (pbk.) : | ||
| 035 | _a(StEdNL)10358744 | ||
| 040 |
_aStDuBDS _beng _cStDuBDS _dStEdNL _dUk _erda |
||
| 042 | _aukscp | ||
| 082 | _aFIC PRA | ||
| 100 | 1 |
_aPratt, Non, _eauthor. |
|
| 245 | 1 | 0 |
_aSecond best friend / _cNon Pratt. |
| 264 | 1 |
_aEdinburgh : _bBarrington Stoke, _c2018. |
|
| 300 |
_a137 pages ; _c20 cm |
||
| 336 |
_atext _2rdacontent |
||
| 337 |
_aunmediated _2rdamedia |
||
| 338 |
_avolume _2rdacarrier |
||
| 440 | _aSuper-readable YA | ||
| 500 |
_aFormerly CIP. _5Uk |
||
| 655 | 0 | _aYoung adult fiction. | |
| 942 |
_2ddc _cFIC |
||